000 01314nam a2200337 i 4500
003 EG-GICUC
005 20260121101635.0
008 260101s2003 ua ||||fr|||| 00| 0 ara d
017 _a2002/2767
020 _a977-5251-16-8
040 _a EG-GICUC
_bara
_c EG-GICUC
_d EG-GICUC
_erda
041 0 _aara
082 0 4 _221
_a345.457
_bم ح . م
092 0 4 _221
099 _aLaw1 07 345.457 م ح . م 2 ed - 2003
100 0 _aمحمد احمد مصطفى عبدالرحمن
_eمؤلف.
245 1 2 _aالموسوعة العلمية :
_bفي أحكام وضوابط الجريمة التأديبية /
_cالمستشار الدكتور محمد احمد مصطفى عبدالرحمن.
250 _aالطبعة الثانية ؛ مزيدة ومنقحة
264 1 _aالقاهرة :
_bدار النهضة العربية،
_c2003.
300 _a775 ؛ صفحة
_c24 سم.
336 _2rda content
_atext
337 _2rda media
_aComputer
338 _2rda carrier
_aOnline Resource
504 _a. 740-754 ببليوجرافيا: صفحات
546 _aالنص باللغة العربية
650 1 4 _aالجريمة التاديبية
650 1 4 _aالقانون الإداري
856 4 0 _uhttps://fll.law.cu.edu.eg/fulltext/bks/B07-02269.pdf
905 _a77
942 _2ddc
_cBK
_e21
_n0
999 _c53842
_d53842